Statistics for Top 15 Celebrities Born In 1989

Click here to take the quiz!

General Stats

  • This quiz has been taken 172 times
    (135 since last reset)
  • The average score is 5 of 15

Answer Stats

Answer% Correct
Taylor Swift
95%
Daniel Radcliffe
75%
Elizabeth Olsen
54%
Jason Derulo
54%
PewDiePie
44%
Avicii
39%
Chris Brown
39%
Lily Collins
33%
SZA
30%
Tyga
23%
Bebe Rexha
21%
Lily James
16%
Rory Culkin
13%
Laurenzside
7%
Clare Siobhan
1%

Score Distribution

Percentile by Number Answered

Percent of People with Each Score

Your Score History

You have not taken this quiz since the last reset